| 000 | 00451nam a2200181Ia 4500 | ||
|---|---|---|---|
| 001 | 1325 | ||
| 005 | 20260306143720.0 | ||
| 008 | 260306t1967||||xx |||||||||||||| ||spa|| | ||
| 041 | _aESP | ||
| 082 |
_a194 _bC88 |
||
| 100 |
_aCrespy, Georges _eAUT |
||
| 245 | 0 |
_aEnsayo sobre Teilhard de Chardin: _bde la ciencia a la teología |
|
| 260 | _c1967 | ||
| 300 |
_a227 páginas : _c19 cm. |
||
| 650 | _aGEN | ||
| 654 | _aCHU | ||
| 942 |
_cLIB _dJUS _fJUS _2ddc _n |
||
| 999 |
_c1325 _d1325 |
||